| 000 | 00909nam a22001817a 4500 | ||
|---|---|---|---|
| 999 |
_c59202 _d59202 |
||
| 003 | Ge_BSU | ||
| 005 | 20221213143809.0 | ||
| 008 | 221213s1975ge xxu||||| |||| 00| 0 geo d | ||
| 041 | _ageo | ||
| 080 | _a81'374.882=111=353.1 ი-54 | ||
| 245 |
_aინგლისურ-ქართული ლექსიკონი : ENGLISH-GEORGIAN DICTIONARY / _cშემდგ : თ. გვარჯალაძე, ი.გვარჯალაძე. |
||
| 264 |
_aთბილისი : _b,,საბჭოთა საქართველო" _c1975. |
||
| 300 |
_a1050 გვ.; _b23 სმ. |
||
| 653 | _aინგლისურ-ქართული ლექსიკონი | ||
| 700 |
_aგვარჯალაძე, თამარ _eშემდგენელი _916388 |
||
| 700 |
_aგვარჯალაძე, ისიდორე _eშემდგენელი _91043 |
||
| 942 |
_2udc _cBK |
||